[Event "Lansing op"]
[Site "Lansing"]
[Date "2002.09.02"]
[Round "7"]
[White "Demkowicz, Dylan"]
[Black "Crist, Kevin"]
[Result "0-1"]
[WhiteElo "100"]
[BlackElo "1249"]
[PlyCount "84"]
[EventDate "2002.08.30"]
[EventType "swiss"]
[EventRounds "7"]
[EventCountry "USA"]
[SourceTitle "EXT 2007"]
[Source "ChessBase"]
[SourceDate "2006.11.23"]
[SourceVersion "1"]
[SourceVersionDate "2006.11.23"]
[SourceQuality "1"]

1. e4 e5 2. Nf3 d6 3. Bc4 Bg4 4. 0-0 Be7 5. h3 Bh5 6. Nc3 c6 7. d3 Nf6 8. g4 Bxg4 9. hxg4 Qd7 10. Nh2 h5 11. g5 Ng4 12. Nxg4 hxg4 13. Re1 Rh5 14. Kf1 Bxg5 15. Bxg5 Rxg5 16. Re3 Qe7 17. f3 Qf6 18. Kf2 Nd7 19. Qe2 g3+ 20. Kg2 0-0-0 21. Rh1 Qf4 22. Rh7 Nf6 23. Rh3 Rh5 24. Rxg3 Rdh8 25. Rg4 Nxg4 26. fxg4 Rh2+ 27. Kg1 Rxe2 28. Rxe2 Qxg4+ 29. Rg2 Qh4 30. Kf1 g5 31. Bxf7 Rf8 32. Rf2 Kc7 33. Ne2 g4 34. Ng1 g3 35. Nf3 Qh1+ 36. Ke2 gxf2 37. Kxf2 Rxf7 38. Ke2 Rxf3 39. Kd2 Rf2+ 40. Kc3 a5 41. a3 Qd1 42. b4 Qxc2# 0-1